| 000 | 00531nam a2200181Ia 4500 | ||
|---|---|---|---|
| 003 | GCL | ||
| 008 | 140319s9999 xx 000 0 ara d | ||
| 040 |
_aGCL / _cGCL |
||
| 082 | 0 | 4 |
_a398.234 _bا ف |
| 100 | 1 | _aاسماعيل اليوسف | |
| 245 | 1 | 0 |
_aالفردوس المفقود: قارة أطلتنس / _cاسماعيل اليوسف |
| 300 | _a178 | ||
| 490 |
_a100 قصة _v0 |
||
| 650 | 0 | 4 | _aاطلنتس |
| 650 | 0 | 4 | _aالقارات المفقودة |
| 650 | 0 | 4 | _aالاساطير الجغرافية |
| 942 |
_2ddc _cBK |
||
| 999 |
_c43632 _d43632 |
||